100 Random persons 1 - Statistics

General Stats
  • This quiz has been taken 28 times
  • The average score is 3 of 16
Answer Stats
Picture Hint Answer % Correct
Third Reich Anna Frank
88%
Uk Amy Winehouse
84%
Usa Billy the Kid
40%
C.A.R Bokassa
24%
Roman Empire Claudius Caesar Augustus
24%
Spain Carlos Sainz
16%
Italy Caravaggio
12%
USA and Catalonia Alicia Esteve Head
8%
Prussia Anna Anderson
8%
Italy Antonio Meucci
8%
Russia agafya lykova
4%
Poland and Russia Aleksandr Bogdanov
4%
Russia and Andorra Boris I of Andorra
4%
Spanish Empire Catalina de Erauso
4%
Usa Charles Justice
4%
Uk Digby Tatham-Warter
0%
No matching quizzes found
Score Distribution
Percent of People with Each Score
Percentile by Number Answered
Your Score History
You have not taken this quiz